[Event "8th RTU Open 2018"]
[Site "Riga"]
[Date "2018.08.09"]
[Round "5"]
[White "Akesson, Ralf"]
[Black "Gurvich, Vitaly"]
[Result "1/2-1/2"]
[WhiteElo "2389"]
[BlackElo "2272"]
[Annotator "NA"]
[PlyCount "113"]
[EventDate "2018.08.06"]
[EventType "swiss"]
[EventCountry "LAT"]
[SourceTitle "playchess.com"]
[Source "ChessBase"]
[SourceQuality "1"]
[TimeControl "5400+30"]

1. c4 {[%emt 0:09:18]} e5 {[%emt 0:01:28]} 2. Nc3 {[%emt 0:00:17]} Nf6 {[%emt 0:00:08]} 3. Nf3 {[%emt 0:00:17]} Nc6 {[%emt 0:00:09]} 4. e3 {[%emt 0:01:07]} Be7 {[%emt 0:00:08]} 5. d4 {[%emt 0:01:25]} exd4 {[%emt 0:00:08]} 6. Nxd4 {[%emt 0:00:40]} O-O {[%emt 0:00:33]} 7. Be2 {[%emt 0:00:19]} d5 {[%emt 0:00:27]} 8. Nxc6 {[%emt 0:06:37]} bxc6 {[%emt 0:01:05]} 9. O-O {[%emt 0:00:11]} Bd6 {[%emt 0:06:44] LiveBook: 13 Games} 10. b3 {[%emt 0:03:54]} Be6 {[%emt 0:13:58]} 11. Bb2 {[%emt 0:02:49]} a6 {[%emt 0:03:36]} 12. Rc1 {[%emt 0:03:42]} dxc4 {[%emt 0:17:27]} 13. bxc4 {[%emt 0:04:06]} Rb8 {[%emt 0:00:57]} 14. Ba1 $11 {[%emt 0:01:16]} Bf5 15. Qa4 {[%emt 0:11:44]} Nd7 {[%emt 0:18:53]} 16. Rfd1 Qe7 17. Qxc6 {[%emt 0:07:45]} Rb6 {[%emt 0:08:58]} 18. Qf3 {[%emt 0:02:59]} Bxh2+ {[%emt 0:06:06]} 19. Kf1 {[%emt 0:00:51]} Be6 {[%emt 0:08:34]} 20. Nd5 {[%emt 0:08:56]} Bxd5 {[%emt 0:00:06]} 21. Qxd5 {[%emt 0:03:22]} Rd6 {[%emt 0:01:22]} 22. Qf5 {[%emt 0:04:45]} Be5 {[%emt 0:01:17]} 23. c5 {[%emt 0:02:56]} Rxd1+ {[%emt 0:00:07]} 24. Rxd1 {[%emt 0:00:07]} Bxa1 {[%emt 0:00:09]} 25. Rxd7 {[%emt 0:04:21]} Qh4 {[%emt 0:00:08]} 26. Kg1 {[%emt 0:00:25]} c6 {[%emt 0:03:29]} 27. g4 {[%emt 0:07:33]} g6 {[%emt 0:01:40]} 28. Qf4 {[%emt 0:00:44]} Kg7 {[%emt 0:05:27]} 29. Bxa6 {[%emt 0:00:32]} Bf6 {[%emt 0:00:26]} 30. Bc4 {[%emt 0:01:20]} h5 {[%emt 0:00:31]} 31. Be6 {[%emt 0:04:53]} hxg4 {[%emt 0:00:25]} 32. Qxg4 {[%emt 0:00:18]} Qxg4+ {[%emt 0:01:03]} 33. Bxg4 {[%emt 0:00:07]} Be5 {[%emt 0:00:25]} 34. Be6 {[%emt 0:00:31]} Bc3 {[%emt 0:00:21]} 35. Rb7 {[%emt 0:00:37]} Kf6 {[%emt 0:00:28]} 36. Bb3 {[%emt 0:00:06]} g5 {[%emt 0:00:16]} 37. Rc7 {[%emt 0:00:13]} g4 {[%emt 0:00:26]} 38. Rxc6+ {[%emt 0:00:10]} Kg5 {[%emt 0:00:04]} 39. Kg2 {[%emt 0:00:39]} f5 {[%emt 0:00:05]} 40. Rc7 {[%emt 0:02:09]} f4 {[%emt 0:00:21]} 41. exf4+ {[%emt 0:00:42]} Rxf4 {[%emt 0:00:05]} 42. c6 {[%emt 0:00:59]} Bd4 {[%emt 0:01:48]} 43. Rf7 {[%emt 0:00:10]} Rxf7 {[%emt 0:00:25]} 44. Bxf7 {[%emt 0:00:06]} Be5 {[%emt 0:00:05]} 45. a4 {[%emt 0:00:14]} Bc7 {[%emt 0:00:05]} 46. Kf1 {[%emt 0:00:14]} Kf6 {[%emt 0:00:22]} 47. Bh5 {[%emt 0:01:04]} Kg5 {[%emt 0:02:05]} 48. Be8 {[%emt 0:00:09]} Kf6 {[%emt 0:00:25]} 49. Bd7 {[%emt 0:01:22]} Kg5 {[%emt 0:00:44]} 50. Ke2 {[%emt 0:00:10]} Kf4 {[%emt 0:00:23]} 51. Kd3 {[%emt 0:01:03]} Kf3 {[%emt 0:00:37]} 52. Kc4 {[%emt 0:00:07]} Kxf2 {[%emt 0:00:10]} 53. Bxg4 {[%emt 0:00:07]} Ke3 {[%emt 0:00:03]} 54. Kb5 {[%emt 0:00:29]} Kd4 {[%emt 0:00:07]} 55. a5 {[%emt 0:00:49]} Kd5 {[%emt 0:00:15]} 56. a6 {[%emt 0:00:10]} Bb8 {[%emt 0:00:18]} 57. c7 {[%emt 0:00:23]} 1/2-1/2

[Event "8th RTU Open 2018"]
[Site "Riga"]
[Date "2018.08.09"]
[Round "5"]
[White "Hansen, Mads"]
[Black "Sorensen, Hampus"]
[Result "1/2-1/2"]
[WhiteElo "2387"]
[BlackElo "2267"]
[Annotator "NA"]
[PlyCount "129"]
[EventDate "2018.08.06"]
[EventType "swiss"]
[EventCountry "LAT"]
[SourceTitle "playchess.com"]
[Source "ChessBase"]
[SourceQuality "1"]
[TimeControl "5400+30"]

1. c4 {[%emt 0:01:06]} e5 {[%emt 0:00:23]} 2. g3 {[%emt 0:00:14]} Nf6 {[%emt 0:00:57]} 3. Bg2 {[%emt 0:00:05]} d5 {[%emt 0:00:41]} 4. cxd5 {[%emt 0:00:04]} Nxd5 {[%emt 0:00:05]} 5. Nc3 {[%emt 0:00:03]} Nb6 {[%emt 0:00:58]} 6. Nf3 {[%emt 0:00:12]} Nc6 {[%emt 0:00:36]} 7. O-O {[%emt 0:00:06]} Be7 {[%emt 0:00:49]} 8. a3 {[%emt 0:00:23]} O-O {[%emt 0:05:07]} 9. b4 {[%emt 0:00:06]} Be6 {[%emt 0:01:35]} 10. d3 {[%emt 0:00:30]} Nd4 {[%emt 0:06:49]} 11. Nd2 {[%emt 0:07:36]} c6 {[%emt 0:03:13]} 12. Rb1 {[%emt 0:18:15]} Nd5 {[%emt 0:06:32]} 13. Bb2 {[%emt 0:01:24]} a5 {[%emt 0:07:11]} 14. bxa5 {[%emt 0:04:59]} Qxa5 {[%emt 0:02:43]} 15. Nxd5 {[%emt 0:05:44]} cxd5 {[%emt 0:04:25]} 16. Bxd4 {[%emt 0:01:58]} exd4 {[%emt 0:00:04]} 17. Rxb7 {[%emt 0:00:34]} Qxa3 {[%emt 0:07:36]} 18. Qb3 $11 {[%emt 0:22:00]} Qd6 19. Nf3 Bf6 {[%emt 0:02:39]} 20. Qb4 {[%emt 0:08:07]} Qxb4 {[%emt 0:09:45]} 21. Rxb4 {[%emt 0:00:03]} Rfb8 {[%emt 0:00:08]} 22. Rxb8+ {[%emt 0:00:09]} Rxb8 {[%emt 0:00:02]} 23. Ra1 {[%emt 0:00:56]} g5 {[%emt 0:02:27]} 24. h3 {[%emt 0:04:33]} Rb2 {[%emt 0:04:16]} 25. Bf1 {[%emt 0:07:36]} h5 {[%emt 0:03:38]} 26. Kh2 {[%emt 0:00:11]} g4 {[%emt 0:03:59]} 27. hxg4 {[%emt 0:00:05]} Bxg4 {[%emt 0:07:30]} 28. Kg2 {[%emt 0:02:15]} Kg7 {[%emt 0:00:39]} 29. Ra4 {[%emt 0:04:21]} Rb1 {[%emt 0:02:28]} 30. Nh2 {[%emt 0:02:04]} Bd7 {[%emt 0:01:20]} 31. Ra7 {[%emt 0:00:15]} Be6 {[%emt 0:00:40]} 32. f4 {[%emt 0:01:29]} Bf5 {[%emt 0:03:22]} 33. Ra2 {[%emt 0:00:23]} Be6 {[%emt 0:01:09]} 34. Kf2 {[%emt 0:00:20]} Be7 {[%emt 0:01:53]} 35. Bg2 {[%emt 0:00:42]} Bf6 {[%emt 0:02:52]} 36. Bf3 {[%emt 0:01:26]} Kg6 {[%emt 0:00:43]} 37. Ra5 {[%emt 0:00:43]} Bd8 {[%emt 0:00:30]} 38. Ra8 {[%emt 0:00:16]} Bf6 {[%emt 0:00:15]} 39. Ra5 {[%emt 0:00:33]} Bd8 {[%emt 0:00:07]} 40. Ra6 {[%emt 0:00:34]} Rb6 {[%emt 0:01:09]} 41. Ra8 {[%emt 0:01:11]} Bf6 {[%emt 0:00:08]} 42. Ra5 Rd6 {[%emt 0:02:58]} 43. Rb5 {[%emt 0:00:00]} Rd7 {[%emt 0:01:20]} 44. Rb6 {[%emt 0:00:00]} Rd8 {[%emt 0:00:57]} 45. Nf1 {[%emt 0:02:43]} Rc8 {[%emt 0:01:20]} 46. Rb5 {[%emt 0:00:19]} Rd8 {[%emt 0:00:17]} 47. Nd2 {[%emt 0:00:08]} Rd7 {[%emt 0:00:53]} 48. Nb3 {[%emt 0:00:10]} Rd8 {[%emt 0:00:45]} 49. Kg2 {[%emt 0:00:05]} Rd7 {[%emt 0:00:30]} 50. Rb4 {[%emt 0:00:31]} Be7 {[%emt 0:01:13]} 51. Rb6 {[%emt 0:00:28]} Bf6 {[%emt 0:00:18]} 52. Nc5 {[%emt 0:00:43]} Re7 {[%emt 0:01:04]} 53. Nb3 {[%emt 0:02:23]} Rd7 {[%emt 0:01:06]} 54. Rb4 {[%emt 0:00:23]} Be7 {[%emt 0:00:09]} 55. Rxd4 {[%emt 0:00:04]} Rb7 {[%emt 0:00:10]} 56. Na5 {[%emt 0:01:52]} Rb1 {[%emt 0:00:43]} 57. Ra4 {[%emt 0:00:53]} Bc5 {[%emt 0:00:23]} 58. Nc6 {[%emt 0:03:21]} Rg1+ {[%emt 0:01:42]} 59. Kh2 {[%emt 0:00:01]} Bf2 {[%emt 0:00:09]} 60. Bg2 {[%emt 0:00:48]} Re1 {[%emt 0:00:23]} 61. Ne5+ {[%emt 0:00:26]} Kg7 {[%emt 0:00:37]} 62. Bf3 {[%emt 0:00:10]} Rg1 {[%emt 0:00:34]} 63. Bg2 {[%emt 0:01:30]} Re1 {[%emt 0:00:02]} 64. Bf3 {[%emt 0:00:36]} Rg1 {[%emt 0:00:02]} 65. Bg2 {[%emt 0:00:48]} 1/2-1/2

[Event "8th RTU Open 2018"]
[Site "Riga"]
[Date "2018.08.09"]
[Round "5"]
[White "Rostgaard, Tobias Valentin"]
[Black "Bluebaum, Karl Ernst"]
[Result "0-1"]
[WhiteElo "2386"]
[BlackElo "2253"]
[Annotator "NA"]
[PlyCount "114"]
[EventDate "2018.08.06"]
[EventType "swiss"]
[EventCountry "LAT"]
[SourceTitle "playchess.com"]
[Source "ChessBase"]
[SourceQuality "1"]
[TimeControl "5400+30"]

1. d4 {[%emt 0:00:25]} d5 {[%emt 0:00:00]} 2. Bf4 {[%emt 0:00:08]} c5 {[%emt 0:00:14]} 3. e3 {[%emt 0:00:07]} Nc6 {[%emt 0:00:12]} 4. Nf3 {[%emt 0:00:08]} Nf6 {[%emt 0:00:20] LiveBook: 1218 Games} 5. Nbd2 {[%emt 0:00:07]} Qb6 {[%emt 0:01:11]} 6. dxc5 {[%emt 0:00:15]} Qxb2 {[%emt 0:00:24]} 7. Rb1 {[%emt 0:00:15]} Qc3 {[%emt 0:00:20]} 8. Bb5 {[%emt 0:00:46]} e6 {[%emt 0:02:16]} 9. O-O {[%emt 0:03:12]} Be7 {[%emt 0:02:52]} 10. e4 {[%emt 0:21:40]} O-O {[%emt 0:53:41]} 11. Bd6 {[%emt 0:07:17] [#]} Bxd6 $1 {[%emt 0:03:46]} 12. cxd6 {[%emt 0:07:24]} dxe4 $17 {[%emt 0:00:48]} 13. Ng5 {[%emt 0:32:33]} Qe5 {[%emt 0:05:37]} 14. Ndxe4 {[%emt 0:00:47]} Nxe4 {[%emt 0:00:56]} 15. Nxe4 {[%emt 0:00:10]} Qxe4 {[%emt 0:00:08]} 16. d7 {[%emt 0:00:10]} Bxd7 {[%emt 0:02:33]} 17. Qxd7 {[%emt 0:00:06]} Ne5 {[%emt 0:02:57]} 18. Qd1 {[%emt 0:04:54]} Rad8 {[%emt 0:01:03]} 19. Qe1 {[%emt 0:02:48]} Qxe1 {[%emt 0:00:34]} 20. Rfxe1 {[%emt 0:00:06]} Nd7 {[%emt 0:00:29]} 21. Re3 {[%emt 0:01:47]} Nc5 {[%emt 0:02:19]} 22. Rc3 {[%emt 0:01:17]} b6 {[%emt 0:00:12]} 23. Ra3 {[%emt 0:00:11]} a5 {[%emt 0:00:13]} 24. g3 {[%emt 0:03:15]} Rd6 {[%emt 0:00:09]} 25. Kg2 {[%emt 0:00:09]} g6 {[%emt 0:00:07]} 26. Be2 {[%emt 0:01:22]} Rfd8 {[%emt 0:00:15]} 27. Bf3 {[%emt 0:00:22]} Kg7 {[%emt 0:01:00]} 28. h4 {[%emt 0:00:14]} f5 {[%emt 0:00:27]} 29. c4 {[%emt 0:00:48]} Kf6 {[%emt 0:00:17]} 30. Re3 {[%emt 0:01:42]} h6 {[%emt 0:00:12]} 31. Ree1 {[%emt 0:02:17]} Na4 {[%emt 0:04:49]} 32. Rb3 {[%emt 0:02:38]} Rc8 {[%emt 0:00:53]} 33. Rc1 {[%emt 0:01:14]} Rd4 {[%emt 0:03:17]} 34. Be2 {[%emt 0:06:01]} Rd2 {[%emt 0:00:29]} 35. Ra3 {[%emt 0:00:10]} Nc5 {[%emt 0:00:23]} 36. Kf1 {[%emt 0:00:16]} Rcd8 {[%emt 0:00:10]} 37. Rb1 {[%emt 0:02:51]} R8d6 {[%emt 0:00:07]} 38. Bf3 {[%emt 0:00:22]} Rc2 {[%emt 0:00:45]} 39. Be2 {[%emt 0:00:32]} Rdd2 {[%emt 0:00:42]} 40. Re3 {[%emt 0:01:21]} Rd6 {[%emt 0:02:11]} 41. a3 {[%emt 0:01:09]} Ne4 {[%emt 0:01:32]} 42. Re1 {[%emt 0:02:42]} Nd2+ {[%emt 0:00:09]} 43. Kg2 {[%emt 0:00:28]} Nxc4 {[%emt 0:00:13]} 44. Bxc4 {[%emt 0:00:50]} Rxc4 {[%emt 0:00:02]} 45. Rb1 {[%emt 0:00:15]} Rc5 {[%emt 0:00:56]} 46. Reb3 {[%emt 0:00:12]} a4 {[%emt 0:00:23]} 47. Re3 {[%emt 0:01:32]} b5 {[%emt 0:00:17]} 48. Rb2 {[%emt 0:00:30]} Rdc6 {[%emt 0:00:28]} 49. Ree2 {[%emt 0:00:30]} Rd6 {[%emt 0:00:35]} 50. Re3 {[%emt 0:00:04]} e5 {[%emt 0:00:16]} 51. Rf3 {[%emt 0:00:52]} e4 {[%emt 0:00:17]} 52. Re3 {[%emt 0:00:05]} g5 {[%emt 0:01:28]} 53. hxg5+ {[%emt 0:00:05]} hxg5 {[%emt 0:00:02]} 54. g4 {[%emt 0:01:09]} Rd3 {[%emt 0:01:20]} 55. gxf5 {[%emt 0:01:24]} Rxe3 {[%emt 0:04:55]} 56. fxe3 {[%emt 0:00:05]} Rc3 {[%emt 0:00:11]} 57. Kf2 {[%emt 0:00:04]} Rb3 {[%emt 0:00:09]} 0-1

[Event "8th RTU Open 2018"]
[Site "Riga"]
[Date "2018.08.09"]
[Round "5"]
[White "Saveliev, Alexei"]
[Black "Semjonovs, Ilja"]
[Result "0-1"]
[WhiteElo "2382"]
[BlackElo "2242"]
[Annotator "NA"]
[PlyCount "76"]
[EventDate "2018.08.06"]
[EventType "swiss"]
[EventCountry "LAT"]
[SourceTitle "playchess.com"]
[Source "ChessBase"]
[SourceQuality "1"]
[TimeControl "5400+30"]

1. e4 {[%emt 0:00:00]} c5 {[%emt 0:04:45]} 2. Nf3 {[%emt 0:00:00]} d6 {[%emt 0:00:15]} 3. d4 {[%emt 0:00:00]} cxd4 {[%emt 0:00:11]} 4. Nxd4 {[%emt 0:00:00]} Nf6 {[%emt 0:00:37]} 5. Nc3 {[%emt 0:00:00]} a6 {[%emt 0:00:08]} 6. Be2 {[%emt 0:00:00]} e5 {[%emt 0:00:51]} 7. Nb3 {[%emt 0:00:00]} Be7 {[%emt 0:00:43]} 8. Be3 {[%emt 0:00:00]} Be6 {[%emt 0:00:17]} 9. Nd5 {[%emt 0:00:03]} Nxd5 {[%emt 0:02:34]} 10. exd5 {[%emt 0:00:09]} Bf5 {[%emt 0:00:19]} 11. Qd2 {[%emt 0:00:24]} Bg6 {[%emt 0:02:45] B92: Sicilian Najdorf: 6 Be2} 12. O-O {[%emt 0:00:07]} Nd7 {[%emt 0:02:07]} 13. a4 {[%emt 0:04:14]} O-O {[%emt 0:10:08]} 14. a5 {[%emt 0:05:57]} Rc8 {[%emt 0:04:58]} 15. Rac1 {[%emt 0:00:55]} Re8 {[%emt 0:29:50]} 16. c4 {[%emt 0:05:10] [#]} h6 $146 {[%emt 0:05:04]} ({Predecessor:} 16... f5 17. f4 Nf6 18. Qb4 Qd7 19. Rcd1 exf4 20. Bxf4 {½-½ (28) Hertel,P (2655)-Geist,H (2575) ICCF corr 2004}) 17. Rfd1 {[%emt 0:04:25]} Bg5 {[%emt 0:03:15]} 18. Bxg5 {[%emt 0:00:29]} hxg5 {[%emt 0:00:57]} (18... Qxg5 $11 19. Qxg5 hxg5) 19. Bg4 $11 {[%emt 0:09:39]} f5 {[%emt 0:03:02]} 20. Be2 {[%emt 0:00:01]} Qf6 {[%emt 0:10:51]} 21. Qb4 {[%emt 0:06:54]} Rc7 22. Qa3 {[%emt 0:12:13]} Rec8 {[%emt 0:04:42]} 23. Nd2 {[%emt 0:01:13]} Bf7 {[%emt 0:05:55]} 24. b4 {[%emt 0:00:45]} e4 {[%emt 0:03:27]} 25. Nb3 {[%emt 0:00:36]} Qe5 {[%emt 0:00:36]} 26. c5 {[%emt 0:01:39]} Nf6 {[%emt 0:01:38]} 27. b5 {[%emt 0:05:15]} axb5 {[%emt 0:02:27]} 28. cxd6 {[%emt 0:01:17]} Rxc1 {[%emt 0:00:11]} 29. Nxc1 {[%emt 0:00:45]} Rd8 {[%emt 0:01:27]} 30. Bxb5 {[%emt 0:00:51]} Rxd6 {[%emt 0:00:32]} 31. Bc4 {[%emt 0:01:07]} Bxd5 {[%emt 0:01:01]} 32. h3 {[%emt 0:03:27]} Rd7 {[%emt 0:00:41]} 33. Qc5 {[%emt 0:02:27]} Qe6 {[%emt 0:00:36]} 34. Bb5 {[%emt 0:00:35]} Bc6 {[%emt 0:00:31]} 35. Be2 {[%emt 0:00:58]} Rxd1+ 36. Bxd1 {[%emt 0:00:01]} Kh7 {[%emt 0:00:42]} 37. Nb3 {[%emt 0:02:28]} Qd5 {[%emt 0:00:26]} 38. Qc1 {[%emt 0:00:03]} e3 {[%emt 0:00:41]} 0-1

[Event "8th RTU Open 2018"]
[Site "Riga"]
[Date "2018.08.09"]
[Round "5"]
[White "Chekletsov, Ilya"]
[Black "Kulaots, Kaido"]
[Result "1/2-1/2"]
[WhiteElo "2379"]
[BlackElo "2554"]
[Annotator "TA"]
[PlyCount "65"]
[EventDate "2018.08.06"]
[EventType "swiss"]
[EventCountry "LAT"]
[SourceTitle "playchess.com"]
[Source "ChessBase"]
[SourceQuality "1"]

{[%evp 12,65,-22,-54,0,-38,-27,-36,-22,-18,-27,-30,0,-10,-29,-6,55,-16,35,24,20,0,27,-2,45,28,60,0,16,-16,-29,-60,154,129,397,396,396,388,369,374,375,175,168,-95,-85,-68,-96,-128,75,0,0,-93,0,0,0,0]} 1. d4 Nf6 2. c4 g6 3. Nc3 d5 4. Nf3 Bg7 5. h4 c6 6. Bg5 {D90: Grünfeld: 4 Nf3 Bg7 sidelines} dxc4 7. e4 {[%cal Be2e4,Be4e5][%mdl 32] LiveBook: 13 Games} Be6 ({Better is} 7... b5 $15) 8. e5 Nd5 9. h5 Nd7 10. h6 Bf8 11. Ne4 Qb6 $146 ({Predecessor:} 11... f6 12. Bd2 b5 {0-1 (37) Kasparov,G (2812)-Nepomniachtchi,I (2751) Saint Louis 2017}) 12. Rc1 f6 {Threatens to win with ...Bf5.} 13. Bd2 Nb4 ({Black should try} 13... g5 $11) 14. Qa4 (14. Bxc4 $2 Bxc4 15. Rxc4 Nd3+ 16. Ke2 Nxb2 $19) ({White should play} 14. Rxc4 $14 Bxc4 15. Bxc4) 14... Nd3+ (14... a5 $1 $11) 15. Bxd3 $1 $14 cxd3 16. Nc5 $36 {[%mdl 2048] White has some pressure.} Bd5 17. O-O Qb5 18. Qd1 O-O-O {Strongly threatening ...Nxc5.} (18... Qxb2 19. Nxd3 Qxa2 20. exf6 $15) 19. b4 (19. a4 $1 $14 Qxb2 20. Rb1 Bxf3 21. Qxf3 Qxd4 22. Ne6 Nxe5 23. Qh3) 19... g5 (19... Bxa2 $6 20. Ra1 $16) 20. e6 Nxc5 21. Rxc5 Qb6 $2 (21... Qa6 $1 $15 {stays ahead.} 22. b5 Qxa2 23. bxc6 Bxc6) 22. b5 $1 $16 {[%cal Bb4b5,Bb5c6][%mdl 32]} Qc7 $2 {[%mdl 8192]} (22... Bxa2 $2 23. Qa1 $18) (22... Bxe6 $2 23. Qa4 $18) (22... Bxh6 $16 23. bxc6 bxc6) 23. bxc6 $18 b6 {[#]} 24. Rxd5 $1 {[%mdl 512]} Rxd5 25. Qb3 $1 {[%csl LRd3,LRd5][%cal Rb3d5]} Qd6 26. Qa4 (26. Qxd3 $142 {aiming for Qa6+.} b5 27. Qc3 Bxh6 28. Rc1) 26... Kb8 {[#]} 27. Rc1 $2 (27. Qc4 $1 $18 {And now c7+! would win.} Bxh6 28. Bb4 (28. c7+ $2 Kb7 $19) 28... Qxe6 29. Re1) 27... Bxh6 $17 {Hoping for ...Rc8.} 28. Qa6 {[%csl Gc6][%cal Ra6b7]} Qc7 29. Qxd3 Qd6 $2 (29... Rd6 $17 {keeps the pressure on.} 30. Qe4 (30. d5 Rhd8 $17) 30... Rc8) 30. Qa6 $2 (30. Bb4 $16 {stays on course.} Qc7 {[#]} 31. Bxe7 $1 {[%mdl 512]}) 30... Qc7 31. Qd3 Rhd8 (31... Rd6 $17 32. Qe4 (32. d5 Rhd8 $17) 32... Rc8) 32. Qxh7 $11 Bf8 $1 33. Qe4 {Precision: White = 36%, Black = 18%.} 1/2-1/2

[Event "8th RTU Open 2018"]
[Site "Riga"]
[Date "2018.08.09"]
[Round "5"]
[White "Hedman, Erik"]
[Black "Maiorov, Nikita"]
[Result "0-1"]
[WhiteElo "2370"]
[BlackElo "2504"]
[Annotator "ChessBase"]
[PlyCount "114"]
[EventDate "2018.08.06"]
[EventType "swiss"]
[EventCountry "LAT"]
[SourceTitle "playchess.com"]
[Source "ChessBase"]
[SourceQuality "1"]
[TimeControl "5400+30"]

1. d4 {[%emt 0:00:00]} Nf6 {[%emt 0:03:06]} 2. c4 {[%emt 0:01:46]} e6 {[%emt 0:00:09]} 3. Nf3 {[%emt 0:00:07]} b6 {[%emt 0:00:09]} 4. g3 {[%emt 0:00:22]} Bb7 {[%emt 0:00:05]} 5. Bg2 {[%emt 0:00:09]} Be7 {[%emt 0:00:05]} 6. O-O {[%emt 0:00:27]} O-O {[%emt 0:00:05]} 7. d5 {[%emt 0:00:24]} exd5 {[%emt 0:00:16]} 8. Nh4 {[%emt 0:00:12]} c6 {[%emt 0:00:59]} 9. cxd5 {[%emt 0:01:19]} Nxd5 {[%emt 0:00:15]} 10. Nf5 {[%emt 0:00:21]} Nc7 {[%emt 0:02:16]} 11. Nc3 {[%emt 0:02:21]} d5 {[%emt 0:00:06]} 12. e4 {[%emt 0:01:24]} Nba6 {[%emt 0:00:30]} 13. exd5 {[%emt 0:07:14]} cxd5 {[%emt 0:00:05]} 14. Re1 {[%emt 0:07:34]} Re8 {[%emt 0:17:40]} 15. Qg4 {[%emt 0:12:11]} g6 {[%emt 0:09:36]} 16. Nh6+ {[%emt 0:12:33]} Kf8 {[%emt 0:08:48]} 17. Qf3 {[%emt 0:19:18]} Bf6 {[%emt 0:05:18]} 18. Bg5 {[%emt 0:11:10]} Kg7 {[%emt 0:00:47]} 19. Bxf6+ {[%emt 0:00:40]} Qxf6 {[%emt 0:00:11]} 20. Qxf6+ {[%emt 0:00:12]} Kxf6 {[%emt 0:00:05]} 21. Ng4+ {[%emt 0:00:08]} Kg7 {[%emt 0:00:21]} 22. Rxe8 {[%emt 0:03:43]} Rxe8 {[%emt 0:00:04]} 23. Rd1 {[%emt 0:00:29]} d4 {[%emt 0:11:21]} 24. Rxd4 {[%emt 0:04:28]} Re1+ {[%emt 0:00:28]} 25. Bf1 {[%emt 0:00:03]} Ne6 {[%emt 0:06:14]} 26. Rd1 {[%emt 0:02:16]} Ng5 {[%emt 0:04:45]} 27. Rxe1 {[%emt 0:01:24]} Nf3+ {[%emt 0:00:04]} 28. Kg2 {[%emt 0:00:10]} Nxe1+ {[%emt 0:00:03]} 29. Kg1 {[%emt 0:05:55]} Nf3+ {[%emt 0:03:09]} 30. Kg2 {[%emt 0:00:03]} Ne5+ {[%emt 0:03:06]} 31. Kh3 {[%emt 0:00:07]} Nf3 32. Kg2 {[%emt 0:00:12]} Nc7 {[%emt 0:06:01]} 33. Ne3 {[%emt 0:00:41]} f5 {[%emt 0:01:59]} 34. Be2 {[%emt 0:00:27]} Nd4+ {[%emt 0:00:22]} 35. Kf1 {[%emt 0:00:07]} g5 {[%emt 0:02:03]} 36. Bd3 {[%emt 0:00:36]} Kf6 {[%emt 0:00:52]} 37. h4 {[%emt 0:01:13]} gxh4 {[%emt 0:01:05]} 38. gxh4 {[%emt 0:00:02]} Ke5 {[%emt 0:02:34]} 39. Ne2 {[%emt 0:00:13]} Nxe2 {[%emt 0:01:38]} 40. Kxe2 {[%emt 0:00:24]} Ne6 {[%emt 0:00:06]} 41. Kd2 {[%emt 0:00:32]} Be4 {[%emt 0:02:20]} 42. Be2 {[%emt 0:05:27]} f4 {[%emt 0:00:58]} 43. Nc4+ {[%emt 0:00:33]} Kd5 {[%emt 0:00:13]} 44. Kc3 {[%emt 0:00:36]} Nd4 {[%emt 0:01:24]} 45. Bh5 {[%emt 0:00:32]} Bg6 {[%emt 0:01:09]} 46. Bxg6 {[%emt 0:00:15]} hxg6 {[%emt 0:00:08]} 47. Nd2 {[%emt 0:00:07]} Ne2+ {[%emt 0:02:58]} 48. Kc2 {[%emt 0:01:01]} Ke5 {[%emt 0:00:41]} 49. Nf3+ {[%emt 0:00:21]} Ke4 {[%emt 0:00:40]} 50. Ng5+ {[%emt 0:00:05]} Kd5 {[%emt 0:00:32]} 51. Kd2 {[%emt 0:00:11]} Nd4 {[%emt 0:00:21]} 52. Kd3 {[%emt 0:00:07]} Nc6 {[%emt 0:00:22]} 53. a3 {[%emt 0:01:40]} Ne5+ {[%emt 0:00:16]} 54. Kc3 {[%emt 0:00:04]} Ng4 {[%emt 0:01:16]} 55. Nh3 {[%emt 0:00:01]} Ke4 {[%emt 0:00:50]} 56. Kd2 {[%emt 0:00:14]} Kf3 {[%emt 0:00:43]} 57. Ke1 {[%emt 0:00:07]} Ne5 {[%emt 0:00:17]} 0-1

[Event "8th RTU Open 2018"]
[Site "Riga"]
[Date "2018.08.09"]
[Round "5"]
[White "Quillan, Gary"]
[Black "Leenhouts, Koen"]
[Result "1-0"]
[WhiteElo "2349"]
[BlackElo "2475"]
[Annotator "ChessBase"]
[PlyCount "91"]
[EventDate "2018.08.06"]
[EventType "swiss"]
[EventCountry "LAT"]
[SourceTitle "playchess.com"]
[Source "ChessBase"]
[SourceQuality "1"]
[TimeControl "5400+30"]

1. e4 {[%emt 0:03:41]} c5 {[%emt 0:00:00]} 2. Nf3 {[%emt 0:00:05]} d6 {[%emt 0:00:00]} 3. Bb5+ {[%emt 0:00:19]} Nd7 {[%emt 0:00:04]} 4. d4 {[%emt 0:06:53]} cxd4 {[%emt 0:00:47]} 5. Qxd4 {[%emt 0:00:08]} a6 {[%emt 0:00:10]} 6. Bxd7+ {[%emt 0:00:19]} Qxd7 {[%emt 0:00:09]} 7. Nc3 {[%emt 0:00:58]} e5 {[%emt 0:01:12]} 8. Qd3 {[%emt 0:01:01]} Qc6 {[%emt 0:00:08]} 9. Bg5 {[%emt 0:13:24]} Be6 {[%emt 0:01:36]} 10. Nd2 {[%emt 0:00:26]} f6 {[%emt 0:01:38]} 11. Be3 {[%emt 0:02:45]} Ne7 {[%emt 0:00:09]} 12. f4 {[%emt 0:08:50]} exf4 {[%emt 0:10:04]} 13. Bxf4 {[%emt 0:00:25]} Ng6 {[%emt 0:00:08]} 14. Bg3 {[%emt 0:01:17]} Ne5 {[%emt 0:00:27]} 15. Qe2 {[%emt 0:09:05]} Rc8 {[%emt 0:19:31]} 16. Nb3 {[%emt 0:06:38]} Bg4 {[%emt 0:13:19]} 17. Qf2 {[%emt 0:04:06]} Qc4 {[%emt 0:00:41]} 18. h3 {[%emt 0:06:02]} Bh5 {[%emt 0:00:57]} 19. Bf4 {[%emt 0:04:53]} b5 {[%emt 0:03:45]} 20. Nd4 {[%emt 0:07:47]} d5 {[%emt 0:04:54]} 21. Bxe5 {[%emt 0:03:15]} Bb4 {[%emt 0:02:42]} 22. Nf5 {[%emt 0:06:23]} O-O {[%emt 0:22:36]} 23. Bd4 {[%emt 0:00:16]} Rfe8 {[%emt 0:00:09]} 24. Ng3 {[%emt 0:00:24]} Ba5 {[%emt 0:00:47]} 25. Qd2 {[%emt 0:05:01]} b4 {[%emt 0:05:04]} 26. Nxd5 {[%emt 0:03:31]} Qxd5 {[%emt 0:01:35]} 27. O-O {[%emt 0:00:15]} Rxc2 {[%emt 0:03:24]} 28. Qe3 {[%emt 0:02:43]} Bc7 {[%emt 0:06:39]} 29. exd5 {[%emt 0:01:04]} Rxe3 {[%emt 0:00:02]} 30. Bxe3 {[%emt 0:00:34]} Bxg3 {[%emt 0:00:02]} 31. Bf4 {[%emt 0:00:39]} Bxf4 {[%emt 0:02:03]} 32. Rxf4 {[%emt 0:00:05]} Rxb2 {[%emt 0:00:04]} 33. Rf2 {[%emt 0:00:33]} Rxf2 {[%emt 0:00:38]} 34. Kxf2 {[%emt 0:00:01]} Bf7 {[%emt 0:00:17]} 35. d6 {[%emt 0:02:29]} Kf8 {[%emt 0:00:58]} 36. Rc1 {[%emt 0:00:37]} Be6 {[%emt 0:00:42]} 37. Rc7 {[%emt 0:00:15]} a5 {[%emt 0:00:16]} 38. Ra7 {[%emt 0:00:18]} a4 {[%emt 0:00:34]} 39. Rxa4 {[%emt 0:00:26]} Ke8 {[%emt 0:00:04]} 40. Ra7 {[%emt 0:00:23]} Kd8 {[%emt 0:00:08]} 41. Ke3 {[%emt 0:00:15]} Bd5 {[%emt 0:00:13]} 42. g3 {[%emt 0:00:18]} g5 {[%emt 0:00:20]} 43. Kd4 {[%emt 0:00:39]} Be6 {[%emt 0:00:07]} 44. h4 {[%emt 0:00:14]} h5 {[%emt 0:00:18]} 45. Kc5 {[%emt 0:00:20]} b3 {[%emt 0:00:15]} 46. axb3 {[%emt 0:00:16]} 1-0